Jak motivovat k nepřetržitému zvyšování jakosti.

Spätná väzba, ako predpoklad úspešnosti programov zvyšovania akosti. Dva typy spätnej väzby: informačný a interpersonálny. Dôležitosť interpersonálnej spätnej väzby a pozitívnej podpory. Výklad piatich požiadaviek pozitívnej podpory: Povzbudenie a podporu poskytuje okamžite; buďte konkrétni; oceňujt...

Description complète

Enregistré dans:
Détails bibliographiques
Format: Chapitre de livre
Langue:tchèque
Sujets:
Tags: Ajouter un tag
Pas de tags, Soyez le premier à ajouter un tag!

MARC

LEADER 00000naa a2200000 4500
001 r008286
005 20220831084502.9
041 0 |a cze 
044 |a [CS] 
245 1 0 |a Jak motivovat k nepřetržitému zvyšování jakosti. 
520 |a Spätná väzba, ako predpoklad úspešnosti programov zvyšovania akosti. Dva typy spätnej väzby: informačný a interpersonálny. Dôležitosť interpersonálnej spätnej väzby a pozitívnej podpory. Výklad piatich požiadaviek pozitívnej podpory: Povzbudenie a podporu poskytuje okamžite; buďte konkrétni; oceňujte pokroky; buďte osobní; nezamieňajte podporu s očakávaním. Pozitívna podpora pomáha zvyšovať akosť, môže mať kľúčovú úlohu vo všetkých podnikoch. 
610 2 0 |a kvalita 
610 2 0 |a komunikácia 
610 2 0 |a stimulovanie morálne 
610 2 0 |a motivácia pracovná 
610 2 0 |a väzba spätná